Giai thoại làng văn Việt Nam /

Sách giới thiệu với bạn đọc những mẩu chuyện đời thường ngỡ nhằm mua vui cho mọi người nhưng đã phần nào điểm xuyến cho bản chất hay tính cách riêng biệt từng cá nhân nhà văn.

Bewaard in:
Bibliografische gegevens
Andere auteurs: Xuân Tùng (sưu tầm và biên soạn.)
Formaat: Boek
Taal:Vietnamese
Gepubliceerd in: Hà Nội : Văn hoá dân tộc, 1999.
Onderwerpen:
Tags: Voeg label toe
Geen labels, Wees de eerste die dit record labelt!
Thư viện lưu trữ: Mạng thư viện Đại học Đà Nẵng
LEADER 01114cam a2200337 i 4500
001 000046659
003 6161
005 20040525100202.0
008 010307b1999 vm 000 vie
020 |c 35000 
040 |a IRC  |c IRC  |d IRC 
041 0 |a vie 
082 1 4 |a 895.92802  |b Gi-T 
245 0 0 |a Giai thoại làng văn Việt Nam /  |c Xuân Tùng, sưu tầm và biên soạn. 
260 |a Hà Nội :  |b Văn hoá dân tộc,  |c 1999. 
300 |a 399tr. ;  |c 19cm. 
520 3 |a Sách giới thiệu với bạn đọc những mẩu chuyện đời thường ngỡ nhằm mua vui cho mọi người nhưng đã phần nào điểm xuyến cho bản chất hay tính cách riêng biệt từng cá nhân nhà văn. 
630 0 4 |a Giai thoại. 
630 0 4 |a Văn học Việt. 
650 0 4 |a Văn học Việt. 
700 1 |a Xuân Tùng,  |e sưu tầm và biên soạn. 
OWN |a DUT 
999 |a From the UDN01 
TYP |a Monograph 
TYP |a Printed language 
980 |a Mạng thư viện Đại học Đà Nẵng